000 00320nam a22001217a 4500
008 180522b xxu||||| |||| 00| 0 eng d
041 _aeng
080 _a043.3
100 _a0
101 _aMBE-MA
245 _aRoli Percaktues i Planifikimit Territorial ne Strategjine e nje destinacioni
_cElshani, A
942 _2udc
_cBK
999 _c46208
_d46208